000 01541nam a2200373 i 4500
001 000016887
003 DO-SdBNP
005 20260316145102.0
007 ta
008 100312s2006 dr ad 001 0 spa d
020 _a9789945412208
040 _aDO-SdBNP
_bspa
_cBNPHU
_erda
041 _aspa
082 4 _a331.11097293
_bA188h
_222
245 0 0 _aActitudes hacia el trabajo en la República Dominicana :
_breflexión sobre las percepciones y orientaciones en el mundo laboral /
_cCarlos Dore Cabral, [et al.].
264 1 _aSanto Domingo :
_bFUNGLODE:
_bInstituto de Opinión Pública,
_c2006.
300 _a177 páginas :
_bilustraciones ;
_c28 cm.
336 _atexto
_btxt
_2rdacontent
337 _asin mediación
_bn
_2rdamedia
338 _avolumen
_bnc
_2rdacarrier
500 _aInforme sobre Encuesta y Opinión Pública Nacional 2005
500 _aIncluye referencias bibliográficas y notas al pie de las páginas.
504 _aBibliografía: páginas 173-176.
590 _aInventariado, 2018/VM
650 4 _a Trabajo y trabajadores
_zRepública Dominicana
_985401
650 4 _aMercado de trabajo
_zRepública Dominicana
_919058
700 1 _aDore y Cabral, Carlos,
_eautor
_4aut.
_96975
700 1 _aArtiles, Leopordo,
_eautor
_4aut.
_937369
700 1 _aCáceres Ureña, Francisco I.,
_eautor
_4aut.
_97695
700 1 _aOrtega, Pedro,
_eautor
_4aut.
_937371
710 2 _aFundación Gobal Democracía y Desarrollo (República Dominicana)
_937372
910 _aValidado. Control de calidad BNPHU
942 _2ddc
_cLBS1
999 _c16419
_d16419